000 00558nam a2200181Ia 4500
008 240729s9999 xx 000 0 und d
022 _a2636-0780
245 0 _aFood Science of Animal Resources
260 _aKorea, Republic of
260 _bKorean Society for Food Science of Animal Resources
650 _a Animal culture
650 _a Chemical technology
650 _a Food processing and manufacture | Agriculture
650 _aTechnology
856 _uhttps://doaj.org/toc/96e9eac20d554d75883157c1adef240f
942 _2ddc
942 _cDOAJEJ
999 _c72349
_d72349
945 _a1
_bMadushi Gamage
_c1
_dMadushi Gamage